LDR 00852naa#a2200229#i#450# 001 EN\\bibl\103916 005 20260416184839.4 011 ## _a2308-4057 100 ## _a20260325b2026####ek#y0engy0150####ca 101 0# _aENG 102 ## _aRU 200 1# _aEmpirical predicting permeate flux in skim milk microfiltration _eJournal article 210 1# _aKemerovo _cKemerovo State University _d2026 215 ## _a7 с. 608 ## _aJournal article _2local 675 ## _aХимическая технология. Химическая промышленность. Пищевая промышленность. Металлургия. Родственные отрасли. 66 _zENG 700 #1 _aMamay _gDmitriy S. 700 #1 _aBabenyshev _gSergey P. 700 #1 _aEvdokimov _gIvan A. 700 #1 _aMamay _gAngelina V. 700 #1 _aLisitsyn _gVyacheslav A. 856 4# _anaukaru.ru _u